[Event "11th Philadelphia International"]
[Site "Philadelphia, PA"]
[Date "2017.06.29"]
[Round "9.7"]
[White "Belous, Vladimir"]
[Black "Mandizha, Farai"]
[Result "1-0"]
[WhiteElo "2567"]
[BlackElo "2342"]
[PlyCount "87"]
[EventDate "2017.06.??"]
[EventType "swiss"]
[EventRounds "9"]
[EventCountry "USA"]

1. c4 e5 2. Nc3 Nc6 3. g3 Nf6 4. Bg2 Bc5 5. Nf3 d6 6. d3 h6 7. a3 a6 8. O-O O-O
9. b4 Ba7 10. Bb2 Bg4 11. h3 Be6 12. Kh2 Rb8 13. Rc1 Re8 14. Nd2 Ne7 15. e4 Nh7
16. Ne2 Ng6 17. d4 Rf8 18. f4 exf4 19. Nxf4 Nxf4 20. gxf4 f6 21. Nf3 c6 22. d5
cxd5 23. cxd5 Bd7 24. Nd4 Bxd4 25. Bxd4 Rc8 26. Rf3 Re8 27. Rxc8 Bxc8 28. Rg3
Bd7 29. Qh5 Kh8 30. e5 Rg8 31. e6 Be8 32. Qd1 a5 33. Rc3 axb4 34. axb4 Bg6 35.
Qc1 b5 36. Rc7 Bd3 37. Qc6 g5 38. Qc3 gxf4 39. Rxh7+ Kxh7 40. Qxd3+ Kg7 41. Qf5
Qf8 42. Be4 Qe7 43. Qg6+ Kf8 44. Bxf6 1-0

[Event "11th Philadelphia International"]
[Site "Philadelphia, PA"]
[Date "2017.06.29"]
[Round "9.8"]
[White "Hernandez, Holden"]
[Black "Niemann, Hans"]
[Result "1/2-1/2"]
[WhiteElo "2510"]
[BlackElo "2282"]
[PlyCount "89"]
[EventDate "2017.06.??"]
[EventType "swiss"]
[EventRounds "9"]
[EventCountry "USA"]

1. d4 Nf6 2. c4 c5 3. Nf3 cxd4 4. Nxd4 Nc6 5. g3 d6 6. Bg2 Bd7 7. O-O g6 8. e3
Bg7 9. Nc3 O-O 10. b3 a6 11. Bb2 Rb8 12. Rc1 Qa5 13. a3 Rfc8 14. b4 Qg5 15. Nd5
Nxd5 16. Bxd5 e6 17. Bg2 Qe7 18. c5 dxc5 19. Rxc5 Nxd4 20. Bxd4 Bxd4 21. Qxd4
Rxc5 22. bxc5 Bb5 23. Rb1 Rd8 24. Qe5 Rc8 25. Qd6 Qc7 26. a4 Bc6 27. Qxc7 Rxc7
28. Bxc6 Rxc6 29. Rxb7 Rxc5 30. Rb6 Ra5 31. Rb4 Rc5 32. Kg2 Kg7 33. Kf3 Kf6 34.
h4 a5 35. Rd4 Ke7 36. Ke4 f5+ 37. Kd3 e5 38. Rc4 Kd6 39. e4 Rc6 40. h5 Rc5 41.
h6 Kc6 42. f3 Rxc4 43. Kxc4 f4 44. g4 g5 45. Kd3 1/2-1/2

[Event "11th Philadelphia International"]
[Site "Philadelphia, PA"]
[Date "2017.06.29"]
[Round "9.10"]
[White "Moon, Benjamin"]
[Black "Garcia, Jan"]
[Result "1/2-1/2"]
[WhiteElo "2304"]
[BlackElo "2436"]
[PlyCount "70"]
[EventDate "2017.06.??"]
[EventType "swiss"]
[EventRounds "9"]
[EventCountry "USA"]

1. d4 Nf6 2. Nf3 g6 3. Nbd2 Bg7 4. e4 d6 5. Bd3 O-O 6. O-O Nbd7 7. c3 e5 8. Re1
b6 9. Nf1 Bb7 10. Ng3 Re8 11. d5 c6 12. c4 Nc5 13. Bf1 a5 14. b3 Qd7 15. Rb1
Ba6 16. a3 cxd5 17. cxd5 Bxf1 18. Kxf1 Rec8 19. Qe2 Rc7 20. Bd2 a4 21. b4 Nb3
22. Be3 b5 23. Nd2 Nd4 24. Bxd4 exd4 25. Nf3 Rac8 26. Rbd1 Rc2 27. Rd2 Rxd2 28.
Qxd2 Ng4 29. Ne2 Qa7 30. h3 Ne5 31. Nfxd4 Nc4 32. Qd3 Nb2 33. Qd2 Nc4 34. Qd3
Nb2 35. Qd2 Nc4 1/2-1/2

[Event "11th Philadelphia International"]
[Site "Philadelphia, PA"]
[Date "2017.06.29"]
[Round "9.13"]
[White "Zhang, Chao"]
[Black "Paragua, Mark"]
[Result "1/2-1/2"]
[WhiteElo "2229"]
[BlackElo "2520"]
[PlyCount "22"]
[EventDate "2017.06.??"]
[EventType "swiss"]
[EventRounds "9"]
[EventCountry "USA"]

1. d4 Nf6 2. Nf3 g6 3. c4 Bg7 4. g3 O-O 5. Nc3 d6 6. Bg2 Nc6 7. O-O Bg4 8. d5
Bxf3 9. exf3 Na5 10. Qd3 c5 11. b3 a6 1/2-1/2

[Event "11th Philadelphia International"]
[Site "Philadelphia, PA"]
[Date "2017.06.29"]
[Round "9.15"]
[White "Guo, Arthur"]
[Black "Ruiz, Joshua"]
[Result "0-1"]
[WhiteElo "2122"]
[BlackElo "2367"]
[PlyCount "108"]
[EventDate "2017.06.??"]
[EventType "swiss"]
[EventRounds "9"]
[EventCountry "USA"]

1. e4 c5 2. Nf3 d6 3. d4 cxd4 4. Nxd4 Nf6 5. Nc3 a6 6. g3 e5 7. Nb3 Be6 8. Bg2
Be7 9. O-O O-O 10. a4 Nbd7 11. a5 Qc7 12. Re1 Rac8 13. h3 Rfd8 14. Be3 Qc6 15.
Qd2 h5 16. Bg5 Nf8 17. Bxf6 Bxf6 18. Rac1 h4 19. Nd5 Bxd5 20. exd5 Qa4 21. Re4
Qa2 22. Qd3 hxg3 23. Qxg3 Qxb2 24. c4 Ng6 25. Qc3 Qxc3 26. Rxc3 Nf4 27. Rg3 Bh4
28. Rc3 f5 29. Re1 Bf6 30. Nd2 e4 31. Rb3 Nd3 32. Rf1 Nc5 33. Ra3 Bb2 34. Rg3
Bd4 35. Kh1 Rf8 36. h4 Rce8 37. Nb3 f4 38. Rh3 Nxb3 39. Rxb3 f3 40. Bh3 Rf4 41.
Be6+ Kh8 42. Rxb7 Rxh4+ 43. Kg1 e3 44. fxe3 Bxe3+ 45. Rf2 Rxc4 46. Rbb2 Rf8 47.
Kh2 Bxf2 48. Rxf2 g6 49. Kg3 Rc3 50. Kg4 Kg7 51. Kg5 Re3 52. Rc2 Re5+ 53. Kg4
f2 54. Rc7+ Kh6 0-1

[Event "11th Philadelphia International"]
[Site "Philadelphia, PA"]
[Date "2017.06.29"]
[Round "9.17"]
[White "Hong, Andrew"]
[Black "Virtanen, Teemu"]
[Result "1/2-1/2"]
[WhiteElo "2383"]
[BlackElo "2141"]
[PlyCount "30"]
[EventDate "2017.06.??"]
[EventType "swiss"]
[EventRounds "9"]
[EventCountry "USA"]

1. e4 d6 2. d4 Nf6 3. Nc3 e5 4. Nf3 Nbd7 5. g4 Nxg4 6. Rg1 Ngf6 7. Bc4 h6 8.
Be3 c6 9. Qd3 b5 10. Bb3 Ba6 11. Ne2 Qa5+ 12. Bd2 Qb6 13. Be3 Qa5+ 14. Bd2 Qb6
15. Be3 Qa5+ 1/2-1/2

[Event "11th Philadelphia International"]
[Site "Philadelphia, PA"]
[Date "2017.06.29"]
[Round "9.19"]
[White "Jirasek, Ladia"]
[Black "Cooke, Eric"]
[Result "1-0"]
[WhiteElo "2271"]
[BlackElo "2118"]
[PlyCount "123"]
[EventDate "2017.06.??"]
[EventType "swiss"]
[EventRounds "9"]
[EventCountry "USA"]

1. e4 e6 2. d4 d5 3. Nc3 Bb4 4. e5 c5 5. Bd2 Ne7 6. Nb5 Bxd2+ 7. Qxd2 O-O 8. f4
cxd4 9. Nf3 Nbc6 10. Nbxd4 Bd7 11. O-O-O Nxd4 12. Nxd4 Nc6 13. Nf3 b5 14. Bd3
f6 15. h4 b4 16. exf6 Qxf6 17. Ng5 Qxf4 18. Bxh7+ Kh8 19. Rhe1 Rac8 20. Bg6 Qf6
21. Qd3 Nd4 22. Rf1 Rxc2+ 23. Kb1 Rxb2+ 24. Kxb2 Nf5+ 25. Kb1 Qxg6 26. g4 b3
27. axb3 Qe8 28. Qf3 Bb5 29. Rf2 Qg6 30. Ka2 a5 31. gxf5 Rxf5 32. Qe3 a4 33.
Rxf5 Qxf5 34. Rc1 axb3+ 35. Qxb3 Qf2+ 36. Rc2 Qa7+ 37. Kb2 Bc4 38. Qa3 Qb6+ 39.
Ka1 Qg1+ 40. Rc1 Qd4+ 41. Rc3 Qg1+ 42. Qc1 Qa7+ 43. Ra3 Qd4+ 44. Qc3 Qg1+ 45.
Kb2 Qf2+ 46. Kc1 Qg1+ 47. Kc2 Qf2+ 48. Qd2 Qf5+ 49. Kc3 Qf6+ 50. Qd4 Qf8 51.
Ra7 Ba6 52. Nxe6 Qa3+ 53. Kd2 Qa2+ 54. Ke3 Qe2+ 55. Kf4 Qh2+ 56. Kf5 Qh3+ 57.
Ke5 Bc8 58. Re7 Qg3+ 59. Kxd5 Qb3+ 60. Kc6 Qf3+ 61. Kc7 Qb7+ 62. Kd8 1-0

[Event "11th Philadelphia International"]
[Site "Philadelphia, PA"]
[Date "2017.06.29"]
[Round "9.22"]
[White "Kumar, Prudhvi"]
[Black "Proleiko, Julian"]
[Result "1-0"]
[WhiteElo "1707"]
[BlackElo "2156"]
[PlyCount "88"]
[EventDate "2017.06.??"]
[EventType "swiss"]
[EventRounds "9"]
[EventCountry "USA"]

1. e4 e6 2. Nf3 d5 3. Nc3 Nf6 4. exd5 exd5 5. d4 Bd6 6. Bd3 O-O 7. O-O c6 8. h3
Nbd7 9. Re1 h6 10. Ne5 Re8 11. Bf4 Nf8 12. Qf3 Ne6 13. Rad1 Nxd4 14. Qg3 Nf5
15. Bxf5 Bxf5 16. Nxf7 Kxf7 17. Bxd6 Bxc2 18. Rc1 Bh7 19. Be5 d4 20. Rcd1 c5
21. Nb5 Re7 22. Bd6 Rxe1+ 23. Rxe1 d3 24. Re7+ Qxe7 25. Bxe7 d2 26. Nc3 Kxe7
27. Qe3+ Kf8 28. Qxd2 b6 29. Qd6+ Kg8 30. Nd5 Rf8 31. Qe6+ Kh8 32. Qd6 Kg8 33.
Nxf6+ gxf6 34. Qf4 Kg7 35. h4 Bg8 36. Qg4+ Kh7 37. Qf5+ Kg7 38. Qg4+ Kh7 39.
Qf5+ Kg7 40. h5 Bh7 41. Qg4+ Kh8 42. Qd7 Rg8 43. Qe7 Rg7 44. Qxf6 Be4 1-0

[Event "11th Philadelphia International"]
[Site "Philadelphia, PA"]
[Date "2017.06.29"]
[Round "9.23"]
[White "Grabinsky, Aaron"]
[Black "Shepherd, Duncan"]
[Result "1-0"]
[WhiteElo "2338"]
[BlackElo "1785"]
[PlyCount "67"]
[EventDate "2017.06.??"]
[EventType "swiss"]
[EventRounds "9"]
[EventCountry "USA"]

1. e4 c6 2. Nc3 d5 3. Nf3 Nf6 4. e5 Ne4 5. Ne2 Bg4 6. d4 e6 7. Nfg1 Bxe2 8.
Nxe2 f6 9. Nf4 Qe7 10. Bd3 fxe5 11. Qh5+ Qf7 12. Qxe5 Bd6 13. Qxe6+ Qxe6 14.
Nxe6 Kf7 15. Bxe4 Kxe6 16. Bd3 Nd7 17. O-O Nf6 18. Bd2 Rae8 19. Rae1+ Kf7 20.
h3 Nh5 21. g3 Nf6 22. Kg2 Ne4 23. Bxe4 Rxe4 24. Rxe4 dxe4 25. Re1 Re8 26. g4
Bc7 27. c4 Bb6 28. Bc3 a6 29. Kf1 Bd8 30. f3 exf3 31. Rxe8 Kxe8 32. Kf2 Bf6 33.
Kxf3 c5 34. Ke4 1-0

[Event "11th Philadelphia International"]
[Site "Philadelphia, PA"]
[Date "2017.06.29"]
[Round "9.24"]
[White "Eswaran, Ashritha"]
[Black "Nguyen, Tan"]
[Result "0-1"]
[WhiteElo "2086"]
[BlackElo "1949"]
[PlyCount "80"]
[EventDate "2017.06.??"]
[EventType "swiss"]
[EventRounds "9"]
[EventCountry "USA"]

1. e4 g6 2. d4 Bg7 3. Nc3 d6 4. Be3 a6 5. h4 h5 6. Qd2 Nd7 7. f4 b5 8. Nf3 Bb7
9. Bd3 c5 10. dxc5 Nxc5 11. a3 Nf6 12. Ng5 Ng4 13. Bxc5 dxc5 14. e5 c4 15. Be4
Qxd2+ 16. Kxd2 Bxe4 17. Ncxe4 f6 18. Ne6 Kf7 19. Nxg7 Kxg7 20. exf6+ exf6 21.
Rhe1 Rhe8 22. Kc3 Rad8 23. a4 bxa4 24. g3 Rd5 25. Nd2 Rxe1 26. Rxe1 f5 27. Nxc4
Nf2 28. Kb4 Ne4 29. Re3 Kf6 30. Kxa4 Ke6 31. b4 Rd1 32. Ka5 Rc1 33. Na3 Kd7 34.
Kxa6 Nd6 35. b5 Ra1 36. Ka5 Nc4+ 37. Kb4 Nxe3 38. c4 Kd6 39. c5+ Kd5 40. c6 Kd6
0-1

[Event "11th Philadelphia International"]
[Site "Philadelphia, PA"]
[Date "2017.06.29"]
[Round "9.31"]
[White "Zhu, Qingyu"]
[Black "Sanjeevi, Bhaskar"]
[Result "1-0"]
[WhiteElo "1964"]
[BlackElo "1583"]
[PlyCount "105"]
[EventDate "2017.06.??"]
[EventType "swiss"]
[EventRounds "9"]
[EventCountry "USA"]

1. e4 e5 2. Nf3 Nc6 3. Bb5 Nge7 4. O-O g6 5. c3 Bg7 6. d4 exd4 7. cxd4 a6 8.
Ba4 b5 9. Bb3 d6 10. h3 O-O 11. Be3 Na5 12. Nc3 Nxb3 13. Qxb3 Be6 14. d5 Bd7
15. Bd4 c5 16. dxc6 Bxc6 17. Rfd1 Qb8 18. Bxg7 Kxg7 19. Rd4 a5 20. a3 Ra7 21.
Rad1 Nc8 22. Nd5 h6 23. Qc3 Bxd5 24. Rxd5+ Kh7 25. Qf6 Re8 26. Nd4 Rb7 27. Nxb5
Rxe4 28. Nxd6 Nxd6 29. Rxd6 Rbe7 30. g3 Qb7 31. Rc6 Re8 32. Qc3 a4 33. Rc7 Re1+
34. Rxe1 Rxe1+ 35. Qxe1 Qxc7 36. Qb4 Qc2 37. Qc3 Qd1+ 38. Kg2 h5 39. Qf3 Qd7
40. b3 f5 41. bxa4 Qxa4 42. Qb7+ Kg8 43. Qb4 Qc6+ 44. Kh2 Qf3 45. Qc5 g5 46. a4
h4 47. gxh4 Qf4+ 48. Kg1 gxh4 49. a5 Qe4 50. a6 Qb1+ 51. Kg2 Qe4+ 52. Kh2 Qf4+
53. Kg1 1-0